Diccionario militar, estratégico y político (Record no. 35133)

MARC details
000 -LEADER
campo de control de longitud fija 00725nam a2200205 i 4500
001 - NÚMERO DE CONTROL
campo de control 35133
003 - IDENTIFICADOR DE NÚMERO DE CONTROL
campo de control ES-MaACL
005 - FECHA Y HORA DE LA ÚLTIMA TRANSACCIÓN
campo de control 20250815044952.0
007 - CAMPO FIJO DE DESCRIPCIÓN FÍSICA--INFORMACIÓN GENERAL
campo de control de longitud fija t|
008 - DATOS DE LONGITUD FIJA--INFORMACIÓN GENERAL
campo de control de longitud fija 030212s1981 sp ||||1| spa d
100 1# - ENTRADA PRINCIPAL--NOMBRE DE PERSONA
Nombre de persona Bordejé y Morencos, Fernando de,
Fechas asociadas al nombre 1925-2017
9 (RLIN) 30394
245 10 - MENCIÓN DEL TÍTULO
Título Diccionario militar, estratégico y político
Resto del título : guía para el lector /
Mención de responsabilidad, etc. Fernando de Bordejé.
260 ## - PUBLICACIÓN, DISTRIBUCIÓN, ETC.
Lugar de publicación, distribución, etc. [Madrid :
Nombre del editor, distribuidor, etc. San Martín,
Fecha de publicación, distribución, etc. 1981]
300 ## - DESCRIPCIÓN FÍSICA
Extensión 199 p. ;
Dimensiones 21 cm.
490 1# - MENCIÓN DE SERIE
Mención de serie Historia del siglo de la violencia ;
Designación de volumen o secuencia 1
650 #4 - PUNTO DE ACCESO ADICIONAL DE MATERIA--TÉRMINO DE MATERIA
Término de materia o nombre geográfico como elemento de entrada Arte y ciencia militar-
Subdivisión de forma Diccionarios.
9 (RLIN) 155031
830 00 - PUNTO DE ACCESO ADICIONAL DE SERIE-TÍTULO UNIFORME
Título uniforme Historia del siglo de la violencia
Designación de volumen o secuencia 1
9 (RLIN) 229528
852 ## - LOCALIZACIÓN
Ubicación ES-MaACL
Número de control de estantería L-4322
Sublocalización o colección R.105005
Holdings
Estatus retirado Estado de pérdida Estado de daño No para préstamo Colección Biblioteca de origen Biblioteca actual Ubicación en estantería Fecha de adquisición Fuente de adquisición Total de préstamos Signatura topográfica completa Código de barras Visto por última vez Precio de reemplazo Tipo de ítem Koha
        Colección de referencia Biblioteca del Ateneo de Madrid Biblioteca del Ateneo de Madrid Depósito 2 17/01/2008     L-4322 1036738 23/02/2023 23/02/2023 Libro impreso